On This Day: July 29th II Quiz Stats

 Plays Quiz Updated Jul 29, 2018

Score 0/7 Timer 03:00
0 Plays Today
Question Answer Wrong Answers
In the midst of the Irish ______ Famine, a group of Irish nationalists lead an unsuccessful rebellion against British rule, known today as the Tipperary Revolt.
1848
Potato
98.3%
Corn
0.5%
Meat
0.4%
Bread
0.6%
This technology company releases the now widely used Windows 10 operating system.
2015
Microsoft
93.5%
Apple
2.6%
Intel
1%
IBM
1.3%
The United States and this nation sign the Harris Treaty in Edo Bay, securing commercial and diplomatic privileges for the US.
1858
Japan
73.7%
China
8.4%
Philippines
14.3%
India
3.1%
In Italy, ______ is assassinated by the anarchist Gaetano Bresci.
1900
King Umberto I
70.1%
Queen Isabella II
4.3%
King Ferdinand VII
22.6%
King Charles II
2.3%
In this American city, David Berkowitz, a.k.a. the 'Son of Sam,' begins the first of a series of shooting attacks.
1976
New York
60.4%
Seattle
7%
Boston
16.5%
Los Angeles
14.9%
This Canadian-American journalist and author, who along with Tom Brokaw and Dan Rather formed the 'Big Three' American news anchors, is born.
1938
Peter Jennings
54.9%
Brian Williams
2.8%
Walter Cronkite
36.2%
Edward R. Murrow
5.2%
Rajiv Gandhi, Prime Minister of India, and J. R. Jayewardene, President of ______, sign an accord in an effort to quell ethnic issues in the region.
1987
Sri Lanka
25.4%
Bangladesh
16.5%
Myanmar
2.8%
Pakistan
53.8%

You're not logged in!

Compare scores with friends on all Sporcle quizzes.
OR
Log In

Sporcle TV

Today on Sporcle TV


Watch our educational content, quiz creation guides, and fun videos on Sporcle TV.

Show Comments

Extras

Top Quizzes Today


Score Distribution

Your Account Isn't Verified!

In order to create a playlist on Sporcle, you need to verify the email address you used during registration. Go to your Sporcle Settings to finish the process.

Report this User

Report this user for behavior that violates our Community Guidelines.

Details: